Loading...
| Current Events/Geography | 1 | 20.00 | 100% | 100% | 0% |
| Fine Arts - Classical Music | 4 | 10.00 | 50% | 50% | 0% |
| Fine Arts - Other Fine Arts | 2 | 20.00 | 100% | 100% | 0% |
| Fine Arts - Visual Fine Arts | 4 | 15.00 | 75% | 75% | 0% |
| Geography/Current Events | 1 | 20.00 | 100% | 100% | 0% |
| History - American History | 5 | 18.00 | 100% | 80% | 0% |
| History - European History | 2 | 15.00 | 100% | 50% | 0% |
| History - Other History | 5 | 14.00 | 100% | 40% | 0% |
| History - World History | 4 | 17.50 | 100% | 50% | 25% |
| Literature - American Literature | 2 | 10.00 | 100% | 0% | 0% |
| Literature - British Literature | 1 | 0.00 | 0% | 0% | 0% |
| Literature - European Literature | 7 | 8.57 | 86% | 0% | 0% |
| Literature - World/Other Literature | 6 | 8.33 | 67% | 17% | 0% |
| Mythology | 7 | 21.43 | 100% | 71% | 43% |
| Other Academic | 1 | 20.00 | 100% | 100% | 0% |
| Philosophy | 7 | 5.71 | 57% | 0% | 0% |
| Religion | 4 | 15.00 | 100% | 25% | 25% |
| Science - Biology | 4 | 12.50 | 100% | 25% | 0% |
| Science - Chemistry | 3 | 6.67 | 67% | 0% | 0% |
| Science - Other Science | 1 | 10.00 | 100% | 0% | 0% |
| Science - Physics | 3 | 10.00 | 100% | 0% | 0% |
| Social Science | 4 | 10.00 | 75% | 25% | 0% |